00413cam a2200157ua 45000010005000000080039000050400009000440410008000530820012000611000027000732450063001002500012001632600050001753000010002256530020002359707160729n ii |||gr||||Z||||||eng cMAIN aeng a331.252 aAnsari, M.S.,eAuthor. aPension code : bAssam and Meghalaya / cby M.S. Ansari .  a4th ed. aNew Delhi:bOrient publishing company,c1998. a460p. aLabor economics